[Event "New York, NY USA"]
[Site "New York, NY USA"]
[Date "1990.??.??"]
[Round "10"]
[White "Kasparov, Gary"]
[Black "Karpov, Anatoly"]
[Result "1/2-1/2"]
[WhiteElo "2800"]
[BlackElo "2730"]
[PlyCount "32"]
[EventDate "1990.??.??"]
[Source "www.chesslib.no"]
[SourceDate "2004.05.04"]

1. e4 e5 2. Nf3 Nf6 3. d4 exd4 4. e5 Ne4 5. Qxd4 d5 6. exd6 Nxd6 7. Nc3 Nc6 8. Qf4 Nf5 9. Bb5 Bd6 10. Qe4+ Qe7 11. Bg5 f6 12. Qxe7+ Nfxe7 13. Bd2 Bd7 14. O-O-O Nf5 15. g4 a6 16. Bc4 Nfe7 1/2-1/2

[Event "Blindfold World Cup"]
[Site "Bilbao ESP"]
[Date "2007.10.16"]
[Round "2"]
[White "Karjakin, Sergey"]
[Black "Bu Xiangzhi"]
[Result "1/2-1/2"]
[WhiteElo "2694"]
[BlackElo "2692"]
[PlyCount "56"]
[EventDate "2007.10.16"]
[Source "www.chesslib.no"]
[SourceDate "2004.05.04"]

1. e4 e5 2. Nf3 Nf6 3. d4 exd4 4. e5 Ne4 5. Qxd4 d5 6. exd6 Nxd6 7. Nc3 Nc6 8. Qf4 Nf5 9. Bb5 Bd6 10. Qe4+ Qe7 11. Bd2 Bd7 12. O-O-O Qxe4 13. Nxe4 Be7 14. g4 Nd6 15. Nxd6+ Bxd6 16. Rhe1+ Kf8 17. Bxc6 Bxc6 18. Nd4 Bd7 19. Nf5 Bxf5 20. gxf5 f6 21. a3 Re8 22. Bb4 Rxe1 23. Bxd6+ Re7 24. Bxe7+ Kxe7 25. Re1+ Kf7 26. Rd1 Ke7 27. Re1+ Kf7 28. Rd1 Ke7 1/2-1/2

[Event "Yerevan ol (Men)"]
[Site "Yerevan"]
[Date "1996.??.??"]
[Round "10"]
[White "Short, Nigel D"]
[Black "Akopian, Vladimir"]
[Result "1/2-1/2"]
[WhiteElo "2695"]
[BlackElo "2630"]
[PlyCount "43"]
[EventDate "1996.09.??"]
[Source "www.chesslib.no"]
[SourceDate "2004.05.04"]

1. e4 e5 2. Nf3 Nf6 3. d4 exd4 4. e5 Ne4 5. Qxd4 d5 6. exd6 Nxd6 7. Nc3 Nc6 8. Qf4 Nf5 9. Bb5 Bd6 10. Qe4+ Qe7 11. O-O O-O 12. Rd1 Ne5 13. Bf4 Nxf3+ 14. Qxf3 Nh4 15. Qg3 Bxf4 16. Qxf4 Be6 17. Bd3 Ng6 18. Bxg6 hxg6 19. Ne4 f6 20. h4 Rad8 21. Re1 Bf7 22. Re3 1/2-1/2

[Event "Garmisch"]
[Site "Garmisch"]
[Date "1994.??.??"]
[Round "9"]
[White "Short, Nigel D"]
[Black "Jussupow, Artur"]
[Result "1-0"]
[WhiteElo "2665"]
[BlackElo "2655"]
[PlyCount "113"]
[EventDate "1994.??.??"]
[Source "ChessBase"]

1. e4 e5 2. Nf3 Nf6 3. d4 exd4 4. e5 Ne4 5. Qxd4 d5 6. exd6 Nxd6 7. Nc3 Nc6 8. Qf4 Nf5 9. Bb5 Bd6 10. Qe4+ Qe7 11. O-O O-O 12. Bxc6 bxc6 13. Qxc6 Rb8 14. Qe4 Qf6 15. Re1 Bb7 16. Qg4 Qg6 17. Qxg6 fxg6 18. Ne4 Bb4 19. c3 Rfe8 20. cxb4 Bxe4 21. Bd2 Bxf3 22. gxf3 Nh4 23. Rxe8+ Rxe8 24. Bc3 Nxf3+ 25. Kg2 Nh4+ 26. Kf1 Nf5 27. Re1 Rxe1+ 28. Kxe1 c6 29. Ke2 Kf7 30. Kd3 Ke6 31. Kc4 Kd6 32. b5 g5 33. h3 h5 34. a4 g4 35. hxg4 hxg4 36. bxc6 Kxc6 37. Be5 a6 38. b4 g6 39. Bf4 Nh4 40. Kd4 Nf3+ 41. Ke4 Ne1 42. Bd2 Nf3 43. Bc3 Ng5+ 44. Kf4 Ne6+ 45. Kxg4 Kd5 46. Bd2 Ke4 47. Be3 Kd5 48. b5 axb5 49. axb5 Kd6 50. b6 Kc6 51. Kf3 Nf8 52. Ke4 Nd7 53. Bd4 Kd6 54. Kf4 Kd5 55. Be3 Ke6 56. b7 Kd6 57. Ba7 1-0

[Event "Olimpiadi 2008 - open"]
[Site "Dresda GER"]
[Date "2008.11.16"]
[Round "4"]
[White "Petrosian, TL."]
[Black "Volokitin, And"]
[Result "1/2-1/2"]
[WhiteElo "2629"]
[BlackElo "2659"]
[PlyCount "78"]
[EventDate "2008.11.13"]
[Source "www.chesslib.no"]
[SourceDate "2004.05.04"]

1. e4 e5 2. Nf3 Nf6 3. d4 exd4 4. e5 Ne4 5. Qxd4 d5 6. exd6 Nxd6 7. Bd3 Nc6 8. Qf4 g6 9. O-O Bg7 10. Nc3 O-O 11. Be3 Re8 12. Rad1 Ne5 13. Bb5 Bd7 14. Bxd7 Nxd7 15. Nd5 Nb6 16. b3 Re4 17. Qg5 Qxg5 18. Nxg5 Nxd5 19. Rxd5 Re5 20. Rxe5 Bxe5 21. Nf3 Bf6 22. Rd1 a5 23. a4 b5 24. axb5 Nxb5 25. g3 Na3 26. Rd2 a4 27. bxa4 Rxa4 28. Bh6 Ra8 29. Re2 c5 30. Ng5 Bg7 31. Bxg7 Kxg7 32. f4 h6 33. Ne4 c4 34. Kf2 Nb5 35. Rd2 Ra2 36. Ke3 Ra3+ 37. Ke2 Ra2 38. Ke3 Ra3+ 39. Ke2 Ra2 1/2-1/2

[Event "PCA-op"]
[Site "New York"]
[Date "1994.??.??"]
[Round "4"]
[White "Tiviakov, Sergei"]
[Black "Rozentalis, Eduardas"]
[Result "1-0"]
[WhiteElo "2640"]
[BlackElo "2595"]
[PlyCount "51"]
[EventDate "1994.??.??"]
[Source "ChessBase"]

1. e4 e5 2. Nf3 Nf6 3. d4 exd4 4. e5 Ne4 5. Qxd4 d5 6. exd6 Nxd6 7. Nc3 Nc6 8. Qf4 Be6 9. Be3 g6 10. O-O-O Bg7 11. Nd4 O-O 12. Nxc6 bxc6 13. Bd4 Bxd4 14. Rxd4 Rb8 15. h4 c5 16. Rd2 Rb4 17. Qe5 Rxh4 18. Rxh4 Qxh4 19. Qxc5 h5 20. Qxa7 Nc4 21. Qd4 Qh1 22. Rd1 Nd6 23. a4 Qh2 24. a5 Nf5 25. Qc5 Qf4+ 26. Kb1 1-0

[Event "EUCup Gr1"]
[Site "Eupen"]
[Date "1994.??.??"]
[Round "3"]
[White "Stefansson, Hannes"]
[Black "Jussupow, Artur"]
[Result "1-0"]
[WhiteElo "2560"]
[BlackElo "2655"]
[PlyCount "75"]
[EventDate "1994.??.??"]
[Source "ChessBase"]

1. e4 e5 2. Nf3 Nf6 3. d4 exd4 4. e5 Ne4 5. Qxd4 d5 6. exd6 Nxd6 7. Nc3 Nc6 8. Qf4 g6 9. Be3 Bg7 10. O-O-O Be6 11. Ng5 O-O 12. h4 Be5 13. Qf3 h5 14. Nxe6 fxe6 15. Qh3 Qf6 16. Bg5 Bf4+ 17. Bxf4 Qxf4+ 18. Kb1 Rae8 19. Be2 Ne5 20. Rhe1 Rf5 21. f3 Qb4 22. a3 Qb6 23. g4 Rf4 24. gxh5 Ndc4 25. Bxc4 Nxc4 26. b3 Nxa3+ 27. Kc1 Qf2 28. Re2 Qxf3 29. Qxf3 Rxf3 30. Kb2 c6 31. Ne4 Nb5 32. c4 Nc7 33. Rd7 Na6 34. hxg6 Ref8 35. g7 R8f7 36. Rd8+ Kxg7 37. Rg2+ Kh7 38. Ng5+ 1-0

[Event "Lvov zt"]
[Site "Lvov"]
[Date "1978.??.??"]
[Round "10"]
[White "Geller, Efim P"]
[Black "Smyslov, Vassily"]
[Result "1/2-1/2"]
[WhiteElo "2590"]
[BlackElo "2575"]
[PlyCount "43"]
[EventDate "1978.04.??"]
[Source "ChessBase"]

1. e4 e5 2. Nf3 Nf6 3. d4 exd4 4. e5 Ne4 5. Qxd4 d5 6. exd6 Nxd6 7. Nc3 Nc6 8. Qf4 g6 9. Bd2 Qe7+ 10. Be2 Be6 11. O-O Bg7 12. Rae1 O-O-O 13. Qa4 Kb8 14. Bd3 Nc8 15. Bg5 f6 16. Be3 Qb4 17. Bxa7+ N8xa7 18. Qxb4 Nxb4 19. Rxe6 Nxd3 20. cxd3 Rxd3 21. Re7 Rg8 22. Rfe1 1/2-1/2

[Event "HUN-ch Super"]
[Site "Budapest"]
[Date "1995.??.??"]
[Round "5"]
[White "Almasi, Zoltan"]
[Black "Horvath, Jozsef"]
[Result "1-0"]
[WhiteElo "2630"]
[BlackElo "2510"]
[PlyCount "121"]
[EventDate "1995.11.??"]
[Source "ChessBase"]

1. e4 e5 2. Nf3 Nf6 3. d4 exd4 4. e5 Ne4 5. Qxd4 d5 6. exd6 Nxd6 7. Nc3 Nc6 8. Qf4 Nf5 9. Bd3 Bd6 10. Qe4+ Qe7 11. O-O Qxe4 12. Bxe4 Bd7 13. Nb5 O-O 14. Bd2 Rfe8 15. Rfe1 h6 16. a3 a6 17. Nxd6 Nxd6 18. Bd5 Ne7 19. Bb3 Ng6 20. Bb4 Nf5 21. Bd5 Rxe1+ 22. Rxe1 c6 23. Bb3 Re8 24. Rxe8+ Bxe8 25. Bc5 Bd7 26. g3 Nfe7 27. a4 Nd5 28. a5 f6 29. Nd2 Ne5 30. c4 Nc7 31. Bd6 Ne6 32. Bxe5 fxe5 33. Nf3 Nd4 34. Nxd4 exd4 35. c5+ Kf8 36. Kf1 Bg4 37. Ke1 Ke7 38. Kd2 Bf5 39. Bc2 Be6 40. f4 Kf6 41. b3 g5 42. Be4 Bxb3 43. Kd3 g4 44. Kxd4 Be6 45. Bh7 Ba2 46. Ke3 Be6 47. Bd3 Bd7 48. Be2 Be6 49. Kf2 Bf5 50. h3 h5 51. h4 Be6 52. Ke3 Bf5 53. Bd3 Bd7 54. Kd4 Bc8 55. Bc2 Bd7 56. Bh7 Be6 57. Ke4 Bd5+ 58. Ke3 Be6 59. Kd4 Bd7 60. Ke4 Be6 61. f5 1-0

[Event "CCCA"]
[Site "?"]
[Date "1996.07.15"]
[Round "?"]
[White "Pineault Denis (CAN)"]
[Black "DeMauro Joseph A.(USA)"]
[Result "1/2-1/2"]
[WhiteElo "2525"]
[BlackElo "2555"]
[PlyCount "49"]
[EventDate "1996.??.??"]
[Source "www.chesslib.no"]
[SourceDate "2004.05.04"]

1. e4 e5 2. Nf3 Nf6 3. d4 exd4 4. e5 Ne4 5. Qxd4 d5 6. exd6 Nxd6 7. Bd3 Nc6 8. Qf4 g6 9. Nc3 Bg7 10. Be3 Be6 11. O-O-O Qf6 12. Ng5 Qxf4 13. Bxf4 O-O-O 14. Nxe6 fxe6 15. Rhe1 Rhf8 16. Bg3 Nf5 17. Rxe6 Nxg3 18. fxg3 Rf2 19. Rxc6 Rxd3 20. Rxc7+ Kxc7 21. Rxd3 Rxg2 22. h3 Rg1+ 23. Kd2 Rg2+ 24. Kd1 Rg1+ 25. Kd2 1/2-1/2

[Event "URS-ch58"]
[Site "Moscow"]
[Date "1991.??.??"]
[Round "2"]
[White "Ulibin, Mikhail"]
[Black "Sorokin, Maxim"]
[Result "1/2-1/2"]
[WhiteElo "2565"]
[BlackElo "2510"]
[PlyCount "58"]
[EventDate "1991.11.??"]
[Source "ChessBase"]

1. e4 e5 2. Nf3 Nf6 3. d4 exd4 4. e5 Ne4 5. Qxd4 d5 6. exd6 Nxd6 7. Nc3 Nc6 8. Qf4 Nf5 9. Bb5 Bd6 10. Qe4+ Nfe7 11. Bg5 h6 12. Bh4 Bf5 13. Qa4 O-O 14. O-O-O Qc8 15. Bg3 Rd8 16. Bxd6 Rxd6 17. Rxd6 cxd6 18. Re1 Be6 19. Bd3 Qd7 20. Qf4 Rd8 21. Nd4 d5 22. Nce2 a6 23. a3 Qd6 24. Qxd6 Rxd6 25. f4 Kf8 26. h3 Bd7 27. c3 Nxd4 28. Nxd4 Nc6 29. Kd2 g5 1/2-1/2

[Event "Moscow Veterans"]
[Site "Moscow"]
[Date "1991.??.??"]
[Round "?"]
[White "Geller, Efim P"]
[Black "Smyslov, Vassily"]
[Result "1/2-1/2"]
[WhiteElo "2525"]
[BlackElo "2535"]
[PlyCount "81"]
[EventDate "1991.06.??"]
[Source "ChessBase"]

1. e4 e5 2. Nf3 Nf6 3. d4 exd4 4. e5 Ne4 5. Qxd4 d5 6. exd6 Nxd6 7. Nc3 Nc6 8. Qf4 g6 9. Bd2 Qe7+ 10. Be2 Be6 11. O-O-O Bg7 12. h4 h6 13. Rhe1 O-O-O 14. Bd3 Qf6 15. Qxf6 Bxf6 16. Bxg6 Rhg8 17. h5 Bg4 18. Bh7 Rh8 19. Bd3 Bxh5 20. Be2 Bg6 21. Nd5 Bg7 22. Bc3 Bxc3 23. Nxc3 Rhe8 24. Nh4 Bh7 25. g3 Ne7 26. Ng2 c6 27. Bd3 Bxd3 28. Rxd3 Kc7 29. Rh1 Ng8 30. Nf4 b5 31. b3 b4 32. Nd1 a5 33. Nb2 Ne4 34. Rxd8 Rxd8 35. Nbd3 Rb8 36. Kb2 Rb5 37. Re1 Ngf6 38. Re3 Kd6 39. g4 Nc3 40. Rg3 Rg5 41. f3 1/2-1/2

[Event "Sibenik"]
[Site "?"]
[Date "2006.09.26"]
[Round "5.3"]
[White "Zelcic Robert"]
[Black "Leventic Ivan"]
[Result "1/2-1/2"]
[WhiteElo "2563"]
[BlackElo "2488"]
[PlyCount "98"]
[EventDate "2006.??.??"]
[Source "www.chesslib.no"]
[SourceDate "2004.05.04"]

1. e4 e5 2. Nf3 Nf6 3. d4 exd4 4. e5 Ne4 5. Qxd4 d5 6. exd6 Nxd6 7. Nc3 Nc6 8. Qf4 Nf5 9. Bb5 Bd6 10. Qe4+ Qe7 11. O-O O-O 12. Re1 Qxe4 13. Nxe4 Ne5 14. Nxe5 Bxe5 15. Ng5 Bf6 16. c3 Nd6 17. Bd3 g6 18. Bf4 Bd7 19. Bxd6 cxd6 20. Ne4 Be7 21. Bc4 Be6 22. Ng3 Bxc4 23. Rxe7 b5 24. b3 Be6 25. Re1 Rfc8 26. Ne4 Kf8 27. Rb7 Bd5 28. Rxb5 Bc6 29. Rb4 a5 30. Rd4 Bxe4 31. Rexe4 Rxc3 32. g4 Rc2 33. Ra4 Rc5 34. Kg2 Re8 35. Kf3 h5 36. h3 hxg4+ 37. hxg4 Ree5 38. Rxe5 Rxe5 39. Re4 Rc5 40. Ke3 Rc3+ 41. Kd2 Rc5 42. Kd3 Rb5 43. Kc3 Rc5+ 44. Rc4 Rb5 45. a4 Rb8 46. Rc7 Rb4 47. Rc4 Rb8 48. Re4 Rc8+ 49. Rc4 Rb8 1/2-1/2

[Event "ch-CRO"]
[Site "Zagreb"]
[Date "2004.11.19"]
[Round "4"]
[White "Palac, Mladen"]
[Black "Leventic, Ivan"]
[Result "1-0"]
[WhiteElo "2543"]
[BlackElo "2502"]
[PlyCount "101"]
[EventDate "2004.11.16"]
[Source "Roberto Alvarez"]
[SourceDate "2004.11.29"]

1. e4 e5 2. Nf3 Nf6 3. d4 exd4 4. e5 Ne4 5. Qxd4 d5 6. exd6 Nxd6 7. Nc3 Nc6 8. Qf4 Nf5 9. Bb5 Bd6 10. Qe4+ Qe7 11. O-O O-O 12. Re1 Qxe4 13. Nxe4 Nb4 14. Nxd6 Nxd6 15. Ba4 b5 16. Bb3 Bb7 17. Bf4 Bxf3 18. gxf3 Nf5 19. Rad1 c5 20. c3 Nc6 21. Rd5 Nh4 22. Bd1 Rfe8 23. Rxe8+ Rxe8 24. Kf1 Ng6 25. Be3 a6 26. Rxc5 Nce5 27. Rc7 Rd8 28. Bb3 h5 29. f4 Nf3 30. Bxf7+ Kh7 31. Rc5 Nxh2+ 32. Ke2 Ng4 33. Rxh5+ Nh6 34. f5 Ne5 35. Bb3 Neg4 36. Bd4 Re8+ 37. Kf1 Nf6 38. Rh3 Ne4 39. Bc2 Nf6 40. Re3 Rd8 41. Re7 Kg8 42. Re6 Nd5 43. Rg6 Nf4 44. Rxg7+ Kf8 45. Rh7 Nf7 46. Bb3 Nd5 47. f6 a5 48. Rg7 Nh6 49. a3 a4 50. Ba2 Ke8 51. Rg6 1-0

[Event "Liepajas Rokade"]
[Site "Liepaya"]
[Date "2004.07.31"]
[Round "8"]
[White "Shabalov, Alexander"]
[Black "Neiksans, Arturs"]
[Result "1/2-1/2"]
[WhiteElo "2605"]
[BlackElo "2440"]
[PlyCount "51"]
[EventDate "2004.07.30"]
[SourceDate "2004.08.11"]

1. e4 e5 2. Nf3 Nf6 3. d4 exd4 4. e5 Ne4 5. Qxd4 d5 6. exd6 Nxd6 7. Nc3 Nc6 8. Qf4 Nf5 9. Nb5 Bd6 10. Nxd6+ Qxd6 11. Qxd6 Nxd6 12. Bf4 Bf5 13. O-O-O O-O-O 14. Be2 Rhe8 15. Rhe1 h6 16. c3 a6 17. h3 Be6 18. Nd2 Bd5 19. Bg4+ f5 20. Bf3 Bxf3 21. Nxf3 Ne4 22. Rxd8+ Rxd8 23. Re2 g5 24. Be3 Re8 25. Nd4 f4 26. Bd2 1/2-1/2

[Event "Malmo"]
[Site "Malmo"]
[Date "1993.??.??"]
[Round "7"]
[White "Hellers, Ferdinand"]
[Black "Hector, Jonny"]
[Result "1/2-1/2"]
[WhiteElo "2565"]
[BlackElo "2470"]
[PlyCount "91"]
[EventDate "1993.06.??"]
[Source "ChessBase"]

1. e4 e5 2. Nf3 Nf6 3. d4 exd4 4. e5 Ne4 5. Qxd4 d5 6. exd6 Nxd6 7. Nc3 Nc6 8. Qf4 Nf5 9. Bb5 Bd6 10. Qe4+ Qe7 11. Bd2 Bd7 12. O-O-O Qxe4 13. Nxe4 Be7 14. Rhe1 O-O-O 15. Neg5 Rdf8 16. Bc4 Nd6 17. Bd5 h6 18. Bxc6 Bxc6 19. Rxe7 hxg5 20. Bxg5 Nf5 21. Re5 Bxf3 22. gxf3 g6 23. Red5 f6 24. Bf4 Rd8 25. Rxd8+ Rxd8 26. Rxd8+ Kxd8 27. Be3 Nh4 28. f4 a6 29. Kd2 Kd7 30. Ke2 Ke6 31. f3 Nf5 32. c4 Nd6 33. Kd3 Nf5 34. a4 Nh4 35. Ke2 Ng2 36. Kf2 Nh4 37. b4 c6 38. a5 Kd6 39. Ke2 Ke6 40. Bd2 Nf5 41. Kd3 Ng7 42. Ke4 f5+ 43. Kd4 Kd6 44. Bc3 Ne6+ 45. Ke3 Ke7 46. Be5 1/2-1/2

[Event "Barbera Open"]
[Site "Barbera"]
[Date "1996.??.??"]
[Round "8"]
[White "Rodriguez Cespedes, Amador"]
[Black "Arencibia, Walter"]
[Result "1/2-1/2"]
[WhiteElo "2510"]
[BlackElo "2515"]
[PlyCount "39"]
[EventDate "1996.??.??"]
[Source "www.chesslib.no"]
[SourceDate "2004.05.04"]

1. e4 e5 2. Nf3 Nf6 3. d4 exd4 4. e5 Ne4 5. Qxd4 d5 6. exd6 Nxd6 7. Bd3 Nc6 8. Qf4 g6 9. O-O Bg7 10. Re1+ Be6 11. Nc3 O-O 12. Be3 Qf6 13. Qa4 h6 14. Ne4 Nxe4 15. Bxe4 Bd7 16. Rad1 Rad8 17. c3 a6 18. Qc2 Rfe8 19. h3 Bc8 20. Rxd8 1/2-1/2

[Event "Villa Martelli"]
[Site "Villa Martelli"]
[Date "1997.06.08"]
[Round "8"]
[White "Rodriguez, Andres"]
[Black "Ginzburg, Maximiliano"]
[Result "1/2-1/2"]
[WhiteElo "2565"]
[BlackElo "2450"]
[PlyCount "93"]
[EventDate "1997.06.01"]
[Source "ChessBase"]
[SourceDate "1997.10.13"]

1. e4 e5 2. Nf3 Nf6 3. d4 exd4 4. e5 Ne4 5. Qxd4 d5 6. exd6 Nxd6 7. Nc3 Nc6 8. Qf4 Nf5 9. Bb5 Bd6 10. Qe4+ Qe7 11. Bxc6+ bxc6 12. O-O Qxe4 13. Nxe4 O-O 14. Re1 h5 15. h3 c5 16. b3 Bb7 17. Bb2 Rfe8 18. Nfd2 Re6 19. Nxd6 cxd6 20. Rxe6 fxe6 21. Re1 e5 22. Nc4 Rf8 23. f3 Rf6 24. Kf2 Kf7 25. a3 g5 26. Kg1 Ke6 27. b4 cxb4 28. axb4 Rf7 29. Na5 Nh4 30. Re2 Ng6 31. c4 Nf4 32. Rd2 Ba8 33. b5 e4 34. fxe4 Bxe4 35. Ba3 g4 36. hxg4 hxg4 37. Rxd6+ Ke5 38. Rd2 Bd3 39. Bc5 g3 40. Bxa7 Ke4 41. Bb8 Ke3 42. Bxf4+ Rxf4 43. Rd1 Ke2 44. Rc1 Be4 45. Nb3 Rf2 46. Nd4+ Kd2 47. Nb3+ 1/2-1/2

[Event "Petrosian mem"]
[Site "Stepanakert"]
[Date "2004.03.14"]
[Round "6"]
[White "Sveshnikov, Evgeny"]
[Black "Pashikian, Arman"]
[Result "1/2-1/2"]
[WhiteElo "2557"]
[BlackElo "2451"]
[PlyCount "147"]
[EventDate "2004.03.09"]
[Source "ChessBase"]
[SourceDate "2004.06.01"]

1. e4 e5 2. Nf3 Nf6 3. d4 exd4 4. e5 Ne4 5. Qxd4 f5 6. Be3 d5 7. exd6 Qxd6 8. Nbd2 Nxd2 9. Bxd2 Nc6 10. Qa4 Qe7+ 11. Be2 Qe4 12. Qc4 Be6 13. Qxe4 fxe4 14. Ng5 Bf5 15. O-O-O h6 16. g4 Nd4 17. Rhe1 hxg5 18. gxf5 Nxe2+ 19. Rxe2 Rxh2 20. Bxg5 Bd6 21. Rd4 Rh5 22. Rdxe4+ Kd7 23. Be7 Rxf5 24. Bxd6 cxd6 25. Re7+ Kc6 26. Rxg7 Raf8 27. Ree7 Rxf2 28. Rc7+ Kd5 29. b3 b5 30. Rxa7 Rc8 31. Rgc7 Rxc7 32. Rxc7 Rf4 33. a3 Rh4 34. Kb2 Rg4 35. Rc8 Rh4 36. Rc7 Rg4 37. Kc3 Rh4 38. Rc8 Rg4 39. Re8 Kc5 40. Rc8+ Kd5 41. Rf8 Kc5 42. Rf5+ Kc6 43. Rf3 Rh4 44. Rd3 Kc5 45. b4+ Kc6 46. Kb3 Rg4 47. Rd1 Rg3+ 48. Kb2 Rh3 49. Rd4 Rh2 50. Rd3 Rh4 51. Rc3+ Kb6 52. Rc8 Rg4 53. Ra8 Kb7 54. Rh8 Kc6 55. Rh3 Rf4 56. Kb3 Rg4 57. a4 bxa4+ 58. Kxa4 Rg1 59. Kb3 Rb1+ 60. Kc4 d5+ 61. Kc3 d4+ 62. Kc4 Rb2 63. Rh2 Kb6 64. Rg2 Kc6 65. Kxd4 Rxb4+ 66. c4 Rb1 67. Rg6+ Kc7 68. Kc5 Rh1 69. Rg7+ Kc8 70. Kb5 Rh6 71. c5 Rf6 72. Ra7 Rh6 73. Ra6 Rxa6 74. Kxa6 1/2-1/2

[Event "Moscow2"]
[Site "Moscow"]
[Date "1995.??.??"]
[Round "?"]
[White "Sveshnikov, Evgeny"]
[Black "Kholmov, Ratmir D"]
[Result "1-0"]
[WhiteElo "2560"]
[BlackElo "2445"]
[PlyCount "61"]
[EventDate "1995.04.??"]
[Source "ChessBase"]

1. e4 e5 2. Nf3 Nf6 3. d4 exd4 4. e5 Ne4 5. Qxd4 d5 6. exd6 Nxd6 7. Nc3 Nc6 8. Qf4 g6 9. Be3 Bg7 10. O-O-O O-O 11. h4 Be6 12. Ng5 Qf6 13. Qxf6 Bxf6 14. Nxe6 fxe6 15. Nb5 Nxb5 16. Bxb5 Rfd8 17. Bxc6 bxc6 18. g3 a6 19. Rxd8+ Rxd8 20. c3 Kf7 21. Kc2 h5 22. Re1 Rd5 23. Bf4 e5 24. Bd2 Ke6 25. Re4 Rd8 26. Ra4 Ra8 27. Be3 Be7 28. Ra5 e4 29. b4 Bd6 30. a4 Kd7 31. b5 1-0

[Event "Villa Martelli"]
[Site "Villa Martelli"]
[Date "1997.06.10"]
[Round "10"]
[White "Spangenberg, Hugo"]
[Black "Ginzburg, Maximiliano"]
[Result "1/2-1/2"]
[WhiteElo "2550"]
[BlackElo "2450"]
[PlyCount "163"]
[EventDate "1997.06.01"]
[Source "ChessBase"]
[SourceDate "1997.10.13"]

1. e4 e5 2. Nf3 Nf6 3. d4 exd4 4. e5 Ne4 5. Qxd4 d5 6. exd6 Nxd6 7. Bd3 Nc6 8. Qf4 g6 9. O-O Bf5 10. Ne5 Be7 11. Nxc6 bxc6 12. Qf3 O-O 13. Bxf5 Nxf5 14. Qxc6 Nd4 15. Qc4 Bd6 16. Qd3 Re8 17. Nc3 c5 18. h3 Qh4 19. Nb5 Nxb5 20. Qxb5 Qe4 21. Qd3 Qxd3 22. cxd3 Re2 23. Rd1 Be5 24. Kf1 Rc2 25. Rd2 Rxd2 26. Bxd2 Bxb2 27. Rb1 Bd4 28. Rb7 Kg7 29. Ke2 a6 30. Be3 Re8 31. Rb6 c4 32. Rxa6 cxd3+ 33. Kxd3 Bxe3 34. fxe3 h5 35. Ra4 f5 36. h4 Re6 37. Rd4 Kf6 38. a4 Ra6 39. Kc3 g5 40. Kb4 gxh4 41. a5 Re6 42. Rxh4 Rxe3 43. Rxh5 Re2 44. Rh6+ Ke5 45. Rg6 Kd5 46. Kb5 f4 47. Kb6 Rb2+ 48. Ka7 Kc5 49. a6 Re2 50. Rg8 Kb5 51. Rg6 Kc5 52. Kb8 Re8+ 53. Kc7 Re7+ 54. Kd8 Rf7 55. Ke8 Ra7 56. Kf8 Kd5 57. Rb6 Ke5 58. Rh6 Kd5 59. Rh5+ Ke6 60. Ra5 Rf7+ 61. Kg8 Ra7 62. Ra4 Ke5 63. Kf8 Kf5 64. Ke8 Ke6 65. Kf8 Kf5 66. Ke8 Ke6 67. Kd8 Kd6 68. Rd4+ Ke5 69. Ra4 Kd6 70. Kc8 Kc6 71. Rc4+ Kd5 72. Ra4 Kc6 73. Kb8 Rg7 74. Rc4+ Kb6 75. a7 Rb7+ 76. Kc8 Rxa7 77. Rxf4 Kc6 78. Kd8 Kd6 79. Ke8 Ke5 80. Rf2 Ra4 81. Ke7 Rf4 82. Rxf4 1/2-1/2

[Event "DSV-Turnier"]
[Site "Berlin East"]
[Date "1979.??.??"]
[Round "?"]
[White "Sznapik, Aleksander"]
[Black "Smyslov, Vassily V"]
[Result "1/2-1/2"]
[WhiteElo "2435"]
[BlackElo "2560"]
[PlyCount "24"]
[EventDate "1979.09.11"]
[Source "www.chesslib.no"]
[SourceDate "2004.05.04"]

1. e4 e5 2. Nf3 Nf6 3. d4 exd4 4. e5 Ne4 5. Qxd4 d5 6. exd6 Nxd6 7. Bf4 Nc6 8. Qd2 Bg4 9. Nc3 Qe7+ 10. Qe3 Qxe3+ 11. fxe3 O-O-O 12. O-O-O Be7 1/2-1/2

[Event "AUT-chT2S 9596"]
[Site "Austria"]
[Date "1995.??.??"]
[Round "?"]
[White "Groszpeter, Attila"]
[Black "Petran, Pal"]
[Result "1-0"]
[WhiteElo "2520"]
[BlackElo "2470"]
[PlyCount "93"]
[EventDate "1995.??.??"]
[Source "www.chesslib.no"]
[SourceDate "2004.05.04"]

1. e4 e5 2. Nf3 Nf6 3. d4 exd4 4. e5 Ne4 5. Qxd4 d5 6. exd6 Nxd6 7. Nc3 Nc6 8. Qf4 Nf5 9. Bb5 Bd6 10. Qe4+ Qe7 11. O-O Qxe4 12. Nxe4 O-O 13. Nxd6 cxd6 14. c3 Ne5 15. Nxe5 dxe5 16. Re1 f6 17. f4 Nd6 18. Bf1 Re8 19. fxe5 Nf7 20. Bb5 Re7 21. b3 Bf5 22. Bc4 fxe5 23. Bd5 Rd8 24. Bg5 Rxd5 25. Bxe7 Rd2 26. Rf1 g6 27. Bf6 Rd6 28. Bh4 Rd2 29. h3 h5 30. c4 e4 31. Bf2 a6 32. Be3 Re2 33. Bb6 Ne5 34. Rf2 Rxf2 35. Kxf2 Kf7 36. Bd4 Nd3+ 37. Ke3 Nb4 38. Kd2 Ke6 39. Kc3 Nd3 40. Rf1 g5 41. g4 hxg4 42. hxg4 Bxg4 43. Rf6+ Kd7 44. Rg6 Bf3 45. Rxg5 Nf4 46. Rg7+ Kc6 47. Be3 1-0

[Event "Bad Woerishofen op"]
[Site "Bad Woerishofen"]
[Date "1997.??.??"]
[Round "9"]
[White "Mainka, Romuald"]
[Black "Kupreichik, Viktor D"]
[Result "1/2-1/2"]
[WhiteElo "2480"]
[BlackElo "2500"]
[PlyCount "73"]
[EventDate "1997.03.07"]
[Source "www.chesslib.no"]
[SourceDate "2004.05.04"]

1. e4 e5 2. Nf3 Nf6 3. d4 exd4 4. e5 Ne4 5. Qxd4 d5 6. exd6 Nxd6 7. Nc3 Nc6 8. Qf4 Bf5 9. Bb5 Qe7+ 10. Be3 Nxb5 11. Nxb5 Qb4+ 12. Qxb4 Bxb4+ 13. c3 Bd6 14. Nxd6+ cxd6 15. O-O-O Be6 16. b3 d5 17. Ne1 O-O-O 18. Nd3 d4 19. cxd4 Nxd4 20. Ne5 Nb5 21. Kb2 b6 22. a4 Nc7 23. Nc6 Rd7 24. Nxa7+ Kb7 25. Rxd7 Bxd7 26. Rd1 Be8 27. Rc1 Bd7 28. Rd1 Be8 29. a5 bxa5 30. Ra1 Bd7 31. Rxa5 Re8 32. b4 Re4 33. b5 Nxb5 34. Nxb5 Rb4+ 35. Kc3 Rxb5 36. Ra7+ Kc6 37. Ra4 1/2-1/2

[Event "FRA-ch"]
[Site "Narbonne"]
[Date "1997.08.16"]
[Round "2"]
[White "Prie, Eric"]
[Black "Koch, Jean Rene"]
[Result "1/2-1/2"]
[WhiteElo "2465"]
[BlackElo "2495"]
[PlyCount "41"]
[EventDate "1997.08.15"]
[Source "ChessBase"]
[SourceDate "1997.11.23"]

1. e4 e5 2. Nf3 Nf6 3. d4 exd4 4. e5 Ne4 5. Qxd4 d5 6. exd6 Nxd6 7. Bd3 Nc6 8. Qf4 Be7 9. Nc3 Be6 10. Bd2 Qd7 11. O-O-O O-O-O 12. Qa4 a6 13. Be3 Nb8 14. Qf4 h6 15. h4 Nc6 16. a3 Rhg8 17. h5 Bg4 18. Ne4 Bxf3 19. Qxf3 Ne5 20. Nxd6+ Bxd6 21. Qh3 1/2-1/2

[Event "Tch (Men) 2005/2006 SCG"]
[Site "?"]
[Date "2006.05.05"]
[Round "5"]
[White "Dujkovic Sinisa"]
[Black "Sedlak Nikola"]
[Result "1/2-1/2"]
[WhiteElo "2393"]
[BlackElo "2564"]
[PlyCount "22"]
[EventDate "2006.??.??"]
[Source "www.chesslib.no"]
[SourceDate "2004.05.04"]

1. e4 e5 2. Nf3 Nf6 3. d4 exd4 4. e5 Ne4 5. Qxd4 d5 6. exd6 Nxd6 7. Nc3 Nc6 8. Qf4 Nf5 9. Bb5 Bd6 10. Qe4+ Qe7 11. Qxe7+ Nfxe7 1/2-1/2

[Event "Frunze"]
[Site "Frunze"]
[Date "1983.??.??"]
[Round "?"]
[White "Tseshkovsky, Vitaly"]
[Black "Barua, Dibyendu"]
[Result "1-0"]
[WhiteElo "2560"]
[BlackElo "2390"]
[PlyCount "127"]
[EventDate "1983.05.??"]
[Source "ChessBase"]

1. e4 e5 2. Nf3 Nf6 3. d4 exd4 4. e5 Ne4 5. Qxd4 d5 6. exd6 Nxd6 7. Nc3 Nc6 8. Qf4 Bf5 9. Bb5 Nxb5 10. Nxb5 Qe7+ 11. Kf1 Qc5 12. Nxc7+ Kd7 13. Nxa8 Bd6 14. Qe3 Qxc2 15. Qb3 Bd3+ 16. Kg1 Qxb3 17. axb3 Rxa8 18. Be3 Bc2 19. Nd4 Nxd4 20. Bxd4 Bxb3 21. h4 Be6 22. h5 g6 23. Rxa7 Rxa7 24. Bxa7 Be5 25. Rh4 Bxb2 26. Rb4 Be5 27. Rxb7+ Kc6 28. Rb6+ Kd7 29. Rb5 Bc3 30. Be3 Kd6 31. f3 Bd5 32. Kf2 gxh5 33. Rb6+ Bc6 34. Rb1 Bf6 35. Bf4+ Ke6 36. g3 Kf5 37. Be3 Bd5 38. Rb5 Ke6 39. Rb4 Bd8 40. Ra4 Bc6 41. Ra6 Kd7 42. Ra1 h4 43. g4 Bd5 44. Rd1 Ke6 45. Kg2 Be7 46. Rh1 f5 47. Re1 Kf7 48. gxf5 Bc6 49. Ra1 h3+ 50. Kg3 Bd7 51. Ra7 Ke8 52. Ra5 Bc6 53. Bc5 Bd8 54. Ra3 Bd7 55. Ra8 Bc6 56. Rb8 Kd7 57. Rb3 Bd5 58. Rd3 Kc6 59. Bg1 Bf6 60. Kxh3 Bc4 61. Rd2 Bg5 62. Rc2 Kd5 63. Kg4 h6 64. Bh2 1-0